| 000 | 00424nam a22001697a 4500 | ||
|---|---|---|---|
| 003 | SGT | ||
| 020 | _a978119211426 | ||
| 082 |
_a618.2 _bD18E |
||
| 100 | _aEDMONDS D. KEITH | ||
| 245 | _aDEWHURSTS TB OF OBSTETRICS & GYNAECOLOGY | ||
| 250 | _a9TH | ||
| 260 |
_aSINGAPORE _bWILEY BLACKWELL PUB _c2018 |
||
| 300 | _a1065 | ||
| 650 | _aOBST. & GYNAE | ||
| 653 | _aDEWHURSTS TB OF OBSTETRICS & GYNAECOLOGY | ||
| 942 |
_2ddc _cBK |
||
| 999 |
_c30509 _d30509 |
||